[Event "BIH-chT2"]
[Site "Tuzla"]
[Date "2015.10.19"]
[Round "6.3"]
[White "Mrndjic, Muamer"]
[Black "Abdil, Halil"]
[Result "1-0"]
[WhiteElo "2224"]
[BlackElo "2211"]
[PlyCount "143"]
[EventDate "2015.10.16"]

1. d4 Nf6 2. Nf3 g6 3. c4 Bg7 4. Nc3 d5 5. g3 O-O 6. cxd5 Nxd5 7. Bg2 Nb6 8.
O-O Nc6 9. e3 Re8 10. d5 Na5 11. Nd4 Bd7 12. b3 c6 13. e4 cxd5 14. Nxd5 Nc6 15.
Bb2 e6 16. Nxc6 Bxc6 17. Bxg7 Kxg7 18. Nb4 Bb5 19. Re1 a5 20. Nc2 e5 21. Ne3
Qxd1 22. Rexd1 Rad8 23. Rac1 Bc6 24. f3 f6 25. Bf1 Kf8 26. Kf2 Ke7 27. h4 Rxd1
28. Rxd1 Rd8 29. Rxd8 Kxd8 30. Bc4 Ke7 31. Bg8 Kf8 32. Bc4 Ke7 33. Ke2 Bd7 34.
Bd5 Nxd5 35. Nxd5+ Ke6 36. Ke3 Bc6 37. Nc3 Kd6 38. Nb1 Kc5 39. Kd3 Kb4 40. Kc2
Kc5 41. Kc3 Bb5 42. a3 Be2 43. Nd2 f5 44. f4 Kd6 45. b4 a4 46. exf5 gxf5 47.
Nb1 exf4 48. gxf4 Kd5 49. Kd2 Ba6 50. Nc3+ Kc4 51. Nxa4 Kb3 52. Nc5+ Kxa3 53.
Kc3 h5 54. Ne6 Be2 55. Nd4 Bg4 56. Kc4 Kb2 57. b5 Kc1 58. b6 Kd2 59. Kd5 Kd3
60. Ke5 Kc4 61. Nxf5 Kc5 62. Nd6 Kxb6 63. f5 Kc6 64. f6 Kd7 65. Nxb7 Ke8 66.
Nd6+ Kf8 67. Kf4 Bd1 68. Kg5 Kg8 69. Nf5 Kf7 70. Nh6+ Ke6 71. Kg6 Bc2+ 72. Kg7
1-0

[Event "BIH-chT2"]
[Site "Tuzla"]
[Date "2015.10.19"]
[Round "6.3"]
[White "Petrovic, Sasa"]
[Black "Zacinovic, Alija"]
[Result "1-0"]
[WhiteElo "2225"]
[BlackElo "2226"]
[PlyCount "79"]
[EventDate "2015.10.16"]

1. e4 Nc6 2. c4 e5 3. Nf3 d6 4. Nc3 Bg4 5. Be2 g6 6. d3 Bxf3 7. Bxf3 Bh6 8.
Bxh6 Nxh6 9. Qd2 Ng8 10. Ne2 Nge7 11. d4 exd4 12. Nxd4 O-O 13. O-O-O Nxd4 14.
Qxd4 Nc6 15. Qc3 Rb8 16. h4 Qe7 17. h5 Qe5 18. Qe3 Rbe8 19. Kb1 b6 20. Rd5 Qf6
21. Be2 Re5 22. f4 Ree8 23. g4 Qe6 24. Bf3 Nb4 25. Rd2 Qxc4 26. b3 Qc5 27. Qe2
Qa5 28. hxg6 fxg6 29. Qc4+ d5 30. exd5 b5 31. Qd4 Qa3 32. d6 cxd6 33. f5 Re5
34. Qxd6 Rfe8 35. Rhd1 Kf7 36. fxg6+ hxg6 37. Rf2 Kg7 38. Bd5 Rxd5 39. Qf6+ Kh7
40. Rh1+ 1-0

[Event "BIH-chT2"]
[Site "Tuzla"]
[Date "2015.10.19"]
[Round "6.3"]
[White "Mrndjic, Armin"]
[Black "Pasalic, Adnan"]
[Result "1/2-1/2"]
[WhiteElo "2122"]
[BlackElo "2078"]
[PlyCount "79"]
[EventDate "2015.10.16"]

1. e4 e6 2. d4 d5 3. Nc3 Bb4 4. Nge2 dxe4 5. a3 Be7 6. Nxe4 Nf6 7. N2g3 Nbd7 8.
Bd3 b6 9. O-O Bb7 10. Qe2 O-O 11. Rd1 Nxe4 12. Nxe4 Nf6 13. c3 Bxe4 14. Bxe4
Nxe4 15. Qxe4 Qd5 16. Qxd5 exd5 17. Bf4 c6 18. Re1 Rfe8 19. Re2 Bf8 20. Rae1
Rxe2 21. Rxe2 Rc8 22. Kf1 f6 23. Ke1 Kf7 24. Kd2 Re8 25. Rxe8 Kxe8 26. Bb8 a6
27. Bc7 b5 28. Ke3 Kd7 29. Bb8 Ke6 30. g4 Bd6 31. Bxd6 Kxd6 32. f4 g5 33. f5
Kc7 34. Kd3 Kb6 35. h4 h6 36. hxg5 hxg5 37. b3 Ka5 38. Kc2 Kb6 39. Kd2 Kc7 40.
Kd3 1/2-1/2

[Event "BIH-chT2"]
[Site "Tuzla"]
[Date "2015.10.19"]
[Round "6.3"]
[White "Corbadzic, Samir"]
[Black "Mataradzic, Almir"]
[Result "1/2-1/2"]
[WhiteElo "2111"]
[BlackElo "2088"]
[PlyCount "23"]
[EventDate "2015.10.16"]

1. e4 e6 2. d4 d5 3. Nc3 Nf6 4. e5 Nfd7 5. f4 c5 6. Nf3 Nc6 7. Be3 Qb6 8. Na4
Qa5+ 9. c3 cxd4 10. b4 Qc7 11. Nxd4 Nxd4 12. Bxd4 1/2-1/2

[Event "BIH-chT2"]
[Site "Tuzla"]
[Date "2015.10.19"]
[Round "6.3"]
[White "Kovacic, Dubravko"]
[Black "Hamzic, Adil"]
[Result "1-0"]
[WhiteElo "2074"]
[BlackElo "1762"]
[PlyCount "81"]
[EventDate "2015.10.16"]

1. c4 c5 2. g3 Nf6 3. Bg2 e6 4. Nf3 Be7 5. O-O O-O 6. Nc3 d5 7. cxd5 Nxd5 8.
Nxd5 Qxd5 9. d4 Qd8 10. Be3 cxd4 11. Nxd4 Qa5 12. Qb3 Nc6 13. Nxc6 bxc6 14.
Bxc6 Ba6 15. Bxa8 Rxa8 16. Rfe1 Bb4 17. Rec1 Bxe2 18. Qc2 Bf3 19. a3 Bf8 20.
Bc5 Bd5 21. b4 Qa6 22. Bxf8 Rxf8 23. a4 Qb7 24. b5 Bh1 25. f4 Be4 26. Qc7 Qa8
27. Ra2 Bf5 28. Rd2 Qe4 29. Qxa7 h5 30. Qd4 Qa8 31. h4 f6 32. b6 Kh7 33. Kh2 e5
34. fxe5 fxe5 35. Qxe5 Qxa4 36. Rc7 Qg4 37. Rd4 Qg6 38. b7 Re8 39. Re7 Rxe7 40.
Qxe7 Bg4 41. Qb4 1-0

[Event "BIH-chT2"]
[Site "Tuzla"]
[Date "2015.10.19"]
[Round "6.4"]
[White "Vajic, Goran"]
[Black "Sutkovic, Damir"]
[Result "1/2-1/2"]
[WhiteElo "2335"]
[BlackElo "2310"]
[PlyCount "101"]
[EventDate "2015.10.16"]

1. e4 c6 2. d4 d5 3. e5 Bf5 4. Ne2 Qb6 5. Ng3 Bd7 6. c3 e6 7. Qb3 c5 8. dxc5
Bxc5 9. Qxb6 Bxb6 10. Bd3 Nc6 11. f4 f6 12. exf6 Nxf6 13. Be2 O-O 14. Nd2 e5
15. f5 e4 16. Nb3 e3 17. O-O Rae8 18. Rd1 Re5 19. Nd4 Ne4 20. Nf3 Nxg3 21. hxg3
Rexf5 22. b3 Ne5 23. Ba3 Nxf3+ 24. gxf3 Rc8 25. g4 Rf7 26. Rxd5 Bc6 27. Rf5
Rxf5 28. gxf5 Bd7 29. Bc4+ Kh8 30. Kf1 Bxf5 31. Ke2 Rd8 32. Rd1 Rxd1 33. Kxd1
g5 34. Bd6 Kg7 35. Ke2 h5 36. Bd5 g4 37. Bxb7 h4 38. fxg4 Bxg4+ 39. Bf3 Bxf3+
40. Kxf3 h3 41. c4 Bd4 42. c5 Kf7 43. c6 Ke6 44. Bh2 Bc5 45. b4 Bxb4 46. Kxe3
Ba5 47. Kf3 Ke7 48. Kg4 Kd8 49. Kxh3 Bc7 50. Bg3 Bxg3 51. Kxg3 1/2-1/2

[Event "BIH-chT2"]
[Site "Tuzla"]
[Date "2015.10.19"]
[Round "6.4"]
[White "Kekic, Armin"]
[Black "Ramic, Mirnes"]
[Result "1-0"]
[WhiteElo "2231"]
[BlackElo "2028"]
[PlyCount "119"]
[EventDate "2015.10.16"]

1. e4 e5 2. Nf3 Nc6 3. Bb5 a6 4. Ba4 Nf6 5. O-O Be7 6. Re1 b5 7. Bb3 O-O 8. h3
d6 9. c3 Bb7 10. d4 Re8 11. Nbd2 Bf8 12. a4 h6 13. Bc2 Nb8 14. axb5 axb5 15.
Rxa8 Bxa8 16. Bd3 Nbd7 17. dxe5 Nxe5 18. Bxb5 Nxf3+ 19. Qxf3 Re5 20. Bd3 d5 21.
Qd1 dxe4 22. Bc4 e3 23. Rxe3 Rg5 24. Bf1 Bc5 25. Rd3 Qe7 26. Nf3 Rd5 27. Rxd5
Bxd5 28. Qe2 Qd7 29. Be3 Qd6 30. Bxc5 Qxc5 31. Nd4 Ne4 32. Qb5 Qxb5 33. Bxb5
Kf8 34. f3 Nd6 35. Kf2 c5 36. Bc6 Bc4 37. Nc2 g5 38. Ne3 Be6 39. Bd5 Bd7 40.
Nc4 Nxc4 41. Bxc4 f5 42. Ke3 Ke7 43. f4 Kf6 44. g3 Bc6 45. b4 cxb4 46. cxb4 Bg2
47. h4 gxh4 48. gxh4 Ke7 49. Kd4 Kd6 50. Bd3 Bh3 51. b5 Bg4 52. b6 Kc6 53. Ke5
Kxb6 54. Bxf5 Be2 55. Kf6 Kc5 56. Kg7 h5 57. Bg6 Kd6 58. f5 Ke5 59. f6 Bc4 60.
Bxh5 1-0

[Event "BIH-chT2"]
[Site "Tuzla"]
[Date "2015.10.19"]
[Round "6.4"]
[White "Mesic, Vehid"]
[Black "Komic, Ibrahim"]
[Result "1-0"]
[WhiteElo "1955"]
[BlackElo "2231"]
[PlyCount "45"]
[EventDate "2015.10.16"]

1. e4 Nf6 2. e5 Nd5 3. d4 d6 4. f4 Bf5 5. c3 e6 6. Nf3 dxe5 7. fxe5 c5 8. Bd3
Bxd3 9. Qxd3 Nc6 10. a3 cxd4 11. cxd4 Be7 12. O-O Rc8 13. Nc3 Nxc3 14. bxc3 Na5
15. Nd2 O-O 16. Ne4 f5 17. exf6 gxf6 18. Bh6 Kh8 19. Bxf8 Qxf8 20. Rae1 Rc6 21.
Ng5 Qg8 22. d5 Bc5+ 23. Kh1 1-0

[Event "BIH-chT2"]
[Site "Tuzla"]
[Date "2015.10.19"]
[Round "6.4"]
[White "Hadzic, Sabahet"]
[Black "Sinanovic, Ermin"]
[Result "0-1"]
[WhiteElo "1950"]
[BlackElo "2122"]
[PlyCount "110"]
[EventDate "2015.10.16"]

1. d4 Nf6 2. c4 e5 3. e3 exd4 4. exd4 Bb4+ 5. Bd2 Bxd2+ 6. Nxd2 O-O 7. Bd3 d5
8. Ne2 Nc6 9. a3 Bg4 10. f3 dxc4 11. Nxc4 Bh5 12. O-O Re8 13. Qd2 Bg6 14. Bxg6
hxg6 15. Rfe1 Qd5 16. Ne3 Qg5 17. Nc4 Qh5 18. Rac1 Rad8 19. Kf2 Re7 20. Ne3 Qg5
21. Nc4 Qh4+ 22. Ng3 Rxd4 23. Qc2 Rxe1 24. Kxe1 Qxh2 25. Nf1 Qf4 26. Nce3 Ne5
27. Rd1 Nh5 28. Rxd4 Qxd4 29. Qd2 Nd3+ 30. Kd1 Nhf4 31. g3 Nxb2+ 32. Kc2 Nfd3
33. Qc3 Qa4+ 34. Qb3 Nc5 35. Qxa4 Nbxa4 36. Nd2 Ne6 37. Kd3 Kf8 38. Kc4 c6 39.
Ne4 Nb6+ 40. Kd3 Ke7 41. f4 Nd7 42. Kc4 f5 43. Nd2 Kd6 44. Nf3 a5 45. Nh4 b5+
46. Kc3 Nef8 47. g4 fxg4 48. Nxg4 Nf6 49. Ne5 Nd5+ 50. Kd4 Nxf4 51. Nf7+ Ke7
52. Ne5 N4e6+ 53. Ke4 Kd6 54. Nhf3 a4 55. Nd2 Nc5+ 0-1

[Event "BIH-chT2"]
[Site "Tuzla"]
[Date "2015.10.19"]
[Round "6.4"]
[White "Salkic, Mahir"]
[Black "Ruznic, Ramiz"]
[Result "1-0"]
[WhiteElo "1968"]
[BlackElo "2040"]
[PlyCount "95"]
[EventDate "2015.10.16"]

1. d4 e6 2. Nf3 b6 3. Bf4 Bb7 4. e3 Nf6 5. Bd3 Be7 6. c4 d5 7. O-O dxc4 8. Bxc4
O-O 9. Nc3 a6 10. Qe2 b5 11. Bb3 c5 12. dxc5 Bxc5 13. Rfd1 Qb6 14. Rac1 h6 15.
Ne5 Nc6 16. Nd7 Nxd7 17. Rxd7 Na5 18. Qg4 Qc6 19. Rc7 Qb6 20. Bxh6 g6 21. Rxf7
Kxf7 22. Qf4+ Ke8 23. Bxf8 Bxf8 24. Bc2 e5 25. Qxe5+ Kf7 26. Nd5 Qd6 27. Bxg6+
Kxg6 28. Nf4+ Kh6 29. Qh5+ Kg7 30. Rc7+ Be7 31. Qg5+ Kf7 32. Rxe7+ Qxe7 33.
Qg6+ Kf8 34. Ne6+ Qxe6 35. Qxe6 Rc8 36. Qf6+ Ke8 37. Qe6+ Kf8 38. Qf6+ Ke8 39.
h4 Rc6 40. Qh8+ Kd7 41. Qh7+ Kc8 42. h5 Nc4 43. h6 Nd2 44. Qg8+ Kc7 45. h7 Rc1+
46. Kh2 Nf1+ 47. Kh3 Nd2 48. h8=Q 1-0

[Event "BIH-chT2"]
[Site "Tuzla"]
[Date "2015.10.19"]
[Round "6.5"]
[White "Radic, Bojan"]
[Black "Drazic, Sinisa"]
[Result "0-1"]
[WhiteElo "2179"]
[BlackElo "2430"]
[PlyCount "86"]
[EventDate "2015.10.16"]

1. e4 Nf6 2. e5 Nd5 3. Nc3 Nxc3 4. dxc3 d6 5. Bf4 Nc6 6. Nf3 Bg4 7. h3 Bh5 8.
g4 Bg6 9. Bd3 e6 10. Qd2 Nxe5 11. Nxe5 dxe5 12. Bxe5 Qd5 13. O-O-O Qxe5 14.
Bxg6 Bd6 15. Bd3 h5 16. Kb1 hxg4 17. hxg4 Ke7 18. c4 Qf4 19. Qe2 Rad8 20. Be4
b6 21. f3 g6 22. a3 a5 23. Qg2 Bc5 24. Rxd8 Rxd8 25. Bd3 Qf6 26. Qe2 Bd4 27. c3
Bc5 28. Qe4 Bd6 29. Kc2 Rh8 30. Rxh8 Qxh8 31. a4 Qh1 32. Qc6 Qh2+ 33. Kb3 Qd2
34. Qe4 Kf6 35. Qe2 Qxe2 36. Bxe2 Ke5 37. Kc2 Kf4 38. Kd3 Kg3 39. Bd1 Kf2 40.
b3 c5 41. Kd2 Be5 42. Kd3 f5 43. b4 Bf4 0-1

[Event "BIH-chT2"]
[Site "Tuzla"]
[Date "2015.10.19"]
[Round "6.5"]
[White "Trkulja, Goran"]
[Black "Bajramovic, Halid"]
[Result "1-0"]
[WhiteElo "2320"]
[BlackElo "2144"]
[PlyCount "113"]
[EventDate "2015.10.16"]

1. e4 c5 2. Nf3 d6 3. d4 cxd4 4. Nxd4 Nf6 5. Nc3 Nc6 6. f3 g6 7. Be3 Bg7 8. Qd2
O-O 9. O-O-O Qa5 10. h4 Nxd4 11. Bxd4 Be6 12. Kb1 Rfc8 13. a3 Bc4 14. Bxf6 exf6
15. Bxc4 Rxc4 16. Nd5 Qd8 17. h5 Rc6 18. Qf4 a5 19. Rd2 b5 20. h6 Bh8 21. Rhd1
Rb8 22. c3 Kf8 23. Qe3 Rb7 24. Qd4 Kg8 25. Qf2 Qd7 26. g4 Rb8 27. Qg3 Re8 28.
Ne3 Rd8 29. Nd5 Qe6 30. Re2 Rc4 31. Qg1 Rc5 32. f4 Re8 33. f5 Qe5 34. Qf2 Kf8
35. Rd3 Rc4 36. Rd4 Rc5 37. Qh2 g5 38. Qxe5 fxe5 39. Rd1 a4 40. Kc2 Ra8 41. Rh2
Ra7 42. f6 Ke8 43. Rh5 Kd7 44. Rxg5 Ke6 45. Rf1 Rc8 46. Rgf5 Rc5 47. Rd1 Rc8
48. g5 Rc4 49. Kd3 Rc5 50. Ke3 Ra8 51. Rff1 Ra7 52. Kf3 Rb7 53. Rd2 Rc8 54. Ne3
Rg8 55. Rfd1 Rd7 56. Nf5 Rgd8 57. Rd5 1-0

[Event "BIH-chT2"]
[Site "Tuzla"]
[Date "2015.10.19"]
[Round "6.5"]
[White "Cunjalo, Faris"]
[Black "Burovic, Ismet"]
[Result "0-1"]
[WhiteElo "2054"]
[BlackElo "2324"]
[PlyCount "57"]
[EventDate "2015.10.16"]

1. d4 d6 2. Nf3 Nd7 3. c4 e5 4. Nc3 g6 5. e4 Bg7 6. Be2 Ne7 7. O-O O-O 8. Re1
h6 9. Bf1 Kh8 10. dxe5 dxe5 11. b4 Nc6 12. Ba3 Re8 13. Qd3 Nf8 14. Qxd8 Rxd8
15. b5 Nd4 16. Nxd4 exd4 17. Nd5 Ne6 18. Be7 Re8 19. Rad1 c6 20. bxc6 bxc6 21.
Bd6 Rd8 22. Nc7 Rxd6 23. Nxa8 Bb7 24. c5 Nxc5 25. Nc7 Rd7 26. Rc1 Bf8 27. Ne8
d3 28. Re3 Ba6 29. Nf6 0-1

[Event "BIH-chT2"]
[Site "Tuzla"]
[Date "2015.10.20"]
[Round "7.1"]
[White "Drazic, Sinisa"]
[Black "Rasidovic, Sead"]
[Result "1-0"]
[WhiteElo "2430"]
[BlackElo "2337"]
[PlyCount "93"]
[EventDate "2015.10.16"]

1. d4 e6 2. Nf3 f5 3. d5 Qe7 4. dxe6 dxe6 5. e4 fxe4 6. Ng5 Nc6 7. Nc3 Bd7 8.
Ngxe4 Nf6 9. Bd3 O-O-O 10. O-O h6 11. Be3 Nd5 12. Bc5 Qf7 13. Ne2 e5 14. Qd2 g5
15. Bxf8 Qxf8 16. a3 Bf5 17. Rad1 Kb8 18. N4g3 Bxd3 19. Qxd3 Nf4 20. Qe3 h5 21.
Ne4 Nxe2+ 22. Qxe2 Nd4 23. Qe3 g4 24. c3 Nc6 25. Rxd8+ Qxd8 26. b4 h4 27. Qe2
Qc8 28. Nf6 Qe6 29. Nxg4 h3 30. b5 Nd8 31. Re1 Qd5 32. gxh3 Nf7 33. c4 Qd8 34.
Kg2 Qg8 35. a4 Qh7 36. Qe3 Qg6 37. Qe4 Qh5 38. Re3 Rd8 39. c5 b6 40. Qc6 Rh8
41. cxb6 axb6 42. a5 Nd8 43. Qd5 bxa5 44. b6 cxb6 45. Qd6+ Ka7 46. Rb3 b5 47.
Qc5+ 1-0

[Event "BIH-chT2"]
[Site "Tuzla"]
[Date "2015.10.20"]
[Round "7.1"]
[White "Avdic, Mirza"]
[Black "Trkulja, Goran"]
[Result "1/2-1/2"]
[WhiteElo "2221"]
[BlackElo "2320"]
[PlyCount "89"]
[EventDate "2015.10.16"]

1. d4 d5 2. Nf3 Bg4 3. Ne5 Bf5 4. c4 f6 5. Nf3 e6 6. Nc3 Nc6 7. cxd5 exd5 8.
Bf4 g5 9. Bg3 h5 10. h3 Bd6 11. Bxd6 Qxd6 12. Qa4 Nge7 13. e3 a6 14. O-O-O Qb4
15. Qxb4 Nxb4 16. h4 g4 17. Ne1 O-O-O 18. g3 Be4 19. Rg1 Nbc6 20. Bd3 f5 21.
Nc2 Rd6 22. b3 Nd8 23. Kb2 Ne6 24. Rd2 Kb8 25. Rc1 Ka7 26. Ne2 Rc8 27. Ne1 b6
28. Bxe4 dxe4 29. Rdc2 Kb7 30. b4 Nd5 31. a3 c6 32. Ng2 Ra8 33. Ngf4 Nexf4 34.
gxf4 a5 35. bxa5 Rxa5 36. Ng3 Ne7 37. Rh1 Rb5+ 38. Ka2 Rh6 39. Rb2 Ra5 40. Rhb1
Ra6 41. Rc1 Kc7 42. Rb3 Rh8 43. Kb2 Ra5 44. Rbc3 Rb5+ 45. Ka2 1/2-1/2

[Event "BIH-chT2"]
[Site "Tuzla"]
[Date "2015.10.20"]
[Round "7.1"]
[White "Burovic, Ismet"]
[Black "Hadzovic, Amir"]
[Result "1-0"]
[WhiteElo "2324"]
[BlackElo "2218"]
[PlyCount "73"]
[EventDate "2015.10.16"]

1. e4 d6 2. f4 Nf6 3. d3 e5 4. Nf3 Nc6 5. Be2 Be7 6. O-O h6 7. Nc3 O-O 8. h3
Nh7 9. Be3 f5 10. Qd2 exf4 11. Bxf4 g5 12. Be3 f4 13. Bf2 Nf6 14. d4 Kh8 15.
Rae1 a6 16. Bd3 Nh5 17. Nd5 Ng7 18. e5 Bf5 19. c4 dxe5 20. Nxe7 Qxe7 21. Nxe5
Nxe5 22. Rxe5 Qd7 23. Bxf5 Rxf5 24. Rfe1 Rxe5 25. Rxe5 Rf8 26. Qb4 Qc8 27. d5
Nf5 28. Qe1 Qd7 29. Qe4 Nd6 30. Re7 Nxe4 31. Rxd7 Re8 32. Rxc7 h5 33. c5 Kg8
34. d6 Rd8 35. Bd4 Ng3 36. Bf6 Re8 37. Be7 1-0

[Event "BIH-chT2"]
[Site "Tuzla"]
[Date "2015.10.20"]
[Round "7.2"]
[White "Bajramovic, Halid"]
[Black "Kekic, Armin"]
[Result "1-0"]
[WhiteElo "2144"]
[BlackElo "2231"]
[PlyCount "73"]
[EventDate "2015.10.16"]

1. d4 d5 2. c4 c6 3. Nc3 Nf6 4. e3 e6 5. Nf3 Bd6 6. Be2 Nbd7 7. O-O O-O 8. Qc2
Qe7 9. Rd1 dxc4 10. e4 e5 11. Bxc4 h6 12. h3 exd4 13. Nxd4 Ne5 14. Bf1 Ng6 15.
g3 Bd7 16. Be3 a6 17. Bg2 Rad8 18. f4 Bc5 19. Bf2 Bc8 20. e5 Ne8 21. Ne4 Ba7
22. Rac1 Qc7 23. Nc5 Ne7 24. a3 Nd5 25. Qe2 Qe7 26. Ncb3 Nec7 27. f5 c5 28. Nf3
Bxf5 29. Nxc5 Bc8 30. Kh2 Rfe8 31. Qc2 b5 32. Ne4 Bxf2 33. Qxf2 Qe6 34. Nd6 Re7
35. Qc5 f6 36. Nd4 Qxe5 37. Nc6 1-0

[Event "BIH-chT2"]
[Site "Tuzla"]
[Date "2015.10.20"]
[Round "7.2"]
[White "Komic, Ibrahim"]
[Black "Cunjalo, Faris"]
[Result "0-1"]
[WhiteElo "2231"]
[BlackElo "2054"]
[PlyCount "86"]
[EventDate "2015.10.16"]

1. Nf3 d5 2. g3 Nf6 3. Bg2 Bf5 4. c4 c6 5. b3 e6 6. O-O Be7 7. Bb2 O-O 8. d3
Qb6 9. Nbd2 c5 10. Nh4 Bg4 11. h3 Bh5 12. g4 Bg6 13. Nxg6 hxg6 14. cxd5 exd5
15. e4 dxe4 16. dxe4 Rd8 17. Qc2 Nc6 18. Nc4 Qc7 19. e5 Nb4 20. Qe2 Nfd5 21. f4
g5 22. fxg5 Bxg5 23. Nd6 Nf4 24. Qc4 Nbd3 25. Bc3 Ne2+ 26. Kh2 Rxd6 27. Rf3
Bf4+ 28. Rxf4 Ndxf4 29. exd6 Qxd6 30. Be1 Nxg2+ 31. Kxg2 Nf4+ 32. Kh2 Rd8 33.
Qf1 Nh5+ 34. Kg1 Nf4 35. Bf2 Qd3 36. Qxd3 Rxd3 37. Bxc5 Nxh3+ 38. Kg2 Nf4+ 39.
Kf2 b6 40. Be3 Nd5 41. Bg5 f6 42. Bh4 Kf7 43. Rc1 Rd2+ 0-1

[Event "BIH-chT2"]
[Site "Tuzla"]
[Date "2015.10.20"]
[Round "7.2"]
[White "Hadzic, Latif"]
[Black "Hadzic, Sabahet"]
[Result "1-0"]
[WhiteElo "2047"]
[BlackElo "1950"]
[PlyCount "107"]
[EventDate "2015.10.16"]

1. e4 e6 2. d4 d5 3. Nc3 Nf6 4. Bg5 Bb4 5. e5 h6 6. Bd2 Nfd7 7. a3 Be7 8. f4 c5
9. Nf3 Nc6 10. Ne2 cxd4 11. Nexd4 Qb6 12. c3 a6 13. b4 Nxd4 14. cxd4 Nb8 15.
Bd3 Bd7 16. O-O Bb5 17. Be3 Bxd3 18. Qxd3 O-O 19. f5 exf5 20. Qxf5 Qg6 21. Qh3
Qe6 22. Qg3 Nd7 23. Rac1 Rac8 24. h3 Nb6 25. Nd2 Rxc1 26. Rxc1 Rc8 27. Rxc8+
Nxc8 28. Nb3 b6 29. Nc1 Na7 30. Nd3 Nb5 31. Nf4 Nc3 32. Nxe6 Ne2+ 33. Kf2 Nxg3
34. Nc7 Ne4+ 35. Ke2 Nc3+ 36. Kd3 Nb5 37. Nxd5 Bd8 38. a4 Na7 39. Nf4 g5 40.
Ne2 Nc6 41. Bd2 f5 42. Bc3 Bc7 43. Ng3 Ne7 44. Kc4 f4 45. Ne4 Nf5 46. d5 Ne3+
47. Kd4 Nxg2 48. d6 Bd8 49. Kd5 f3 50. Ke6 h5 51. Kd7 g4 52. hxg4 h4 53. e6 h3
54. e7 1-0

[Event "BIH-chT2"]
[Site "Tuzla"]
[Date "2015.10.20"]
[Round "7.2"]
[White "Ruznic, Ramiz"]
[Black "Redzepi, Mehmedalija"]
[Result "0-1"]
[WhiteElo "2040"]
[BlackElo "1909"]
[PlyCount "96"]
[EventDate "2015.10.16"]

1. Nf3 d5 2. d4 c6 3. c4 e6 4. Qc2 Nf6 5. g3 Nbd7 6. Bg2 Ne4 7. O-O Bd6 8. b3
O-O 9. Bb2 f5 10. Ne5 Bxe5 11. dxe5 Qc7 12. cxd5 exd5 13. Ba3 Re8 14. Bxe4 fxe4
15. Bd6 Qd8 16. Qc3 Nb6 17. f3 Bh3 18. Rf2 Qg5 19. f4 Qf5 20. Na3 Nc8 21. Qb4
Qd7 22. Bc5 b6 23. Be3 Ne7 24. Rd1 Nf5 25. Nc2 c5 26. Qe1 d4 27. Bc1 e3 28. Rf3
Qb7 29. Rd3 Bg4 30. Kg2 Re6 31. h3 Bxf3+ 32. exf3 h5 33. g4 hxg4 34. hxg4 Nh6
35. Qg3 Rg6 36. g5 Qa6 37. Ne1 Qxa2+ 38. Kh3 Qf2 39. Ng2 Qc2 40. Ne1 Qxc1 41.
Qg1 Rf8 42. Kh4 Nf5+ 43. Kh5 Kf7 44. e6+ Rxe6 45. g6+ Ke7 46. Qg5+ Ref6 47. Ng2
Qh1+ 48. Nh4 Rh8+ 0-1

[Event "BIH-chT2"]
[Site "Tuzla"]
[Date "2015.10.20"]
[Round "7.3"]
[White "Goric, Esad"]
[Black "Vajic, Goran"]
[Result "0-1"]
[WhiteElo "2288"]
[BlackElo "2335"]
[PlyCount "142"]
[EventDate "2015.10.16"]

1. Nf3 Nf6 2. b3 d5 3. Bb2 e6 4. c4 Bd6 5. e3 O-O 6. Be2 b6 7. O-O Bb7 8. d4
Ne4 9. Nc3 f5 10. Nb5 Nc6 11. Nxd6 Qxd6 12. Ne5 Nxe5 13. dxe5 Qe7 14. Qc2 c5
15. f3 Ng5 16. Rad1 Rad8 17. a3 Rd7 18. Bc3 Rfd8 19. Be1 Nf7 20. f4 g5 21. cxd5
Bxd5 22. Bb5 Bc6 23. Rxd7 Qxd7 24. Bxc6 Qxc6 25. fxg5 Qd5 26. Bg3 Rd7 27. h4
Nxe5 28. Bxe5 Qxe5 29. Qe2 Qe4 30. Rf4 Qd3 31. Qf2 Qxb3 32. e4 Qd1+ 33. Kh2 Qd6
34. exf5 exf5 35. Kh3 Rf7 36. h5 Qd1 37. Qf3 Qxf3+ 38. gxf3 b5 39. Kh4 Kg7 40.
Kg3 a5 41. Kf2 a4 42. Ke2 Re7+ 43. Kd2 Re5 44. Rh4 Rd5+ 45. Kc3 Re5 46. Kd2
Rd5+ 47. Kc3 c4 48. Rf4 h6 49. g6 Rd3+ 50. Kc2 Kf6 51. g7 Kxg7 52. Rxf5 Rxa3
53. Rxb5 Rxf3 54. Rc5 c3 55. Ra5 Kf6 56. Rxa4 Kg5 57. Ra5+ Kh4 58. Rc5 Rg3 59.
Kd1 Kg4 60. Ke2 Rh3 61. Kf2 Rh2+ 62. Kg1 Rc2 63. Kf1 Kf3 64. Kg1 Ke4 65. Rc8
Rc1+ 66. Kg2 Kd3 67. Rd8+ Kc2 68. Rd6 Rd1 69. Rxh6 Rd5 70. Kg3 Kd3 71. Kg4 c2
0-1

[Event "BIH-chT2"]
[Site "Tuzla"]
[Date "2015.10.20"]
[Round "7.3"]
[White "Ramic, Mirnes"]
[Black "Mrndjic, Muamer"]
[Result "0-1"]
[WhiteElo "2028"]
[BlackElo "2224"]
[PlyCount "128"]
[EventDate "2015.10.16"]

1. e4 c5 2. Nf3 e6 3. Nc3 Nc6 4. h3 Nge7 5. d4 cxd4 6. Nb5 d6 7. Nfxd4 Nxd4 8.
Nxd4 Nc6 9. Be3 Be7 10. Bd3 O-O 11. c3 Bg5 12. f4 Bh4+ 13. Kf1 e5 14. Nf5 Bxf5
15. exf5 exf4 16. Bxf4 Re8 17. Qh5 Ne5 18. Bc2 h6 19. Rd1 Qe7 20. g3 Bg5 21.
Bxg5 hxg5 22. Bb3 Qf6 23. Kg2 Qxf5 24. Rhf1 Qe4+ 25. Kg1 Qe3+ 26. Kh2 g6 27.
Bxf7+ Kg7 28. Bxg6 Nxg6 29. Rxd6 Qe2+ 30. Qxe2 Rxe2+ 31. Kg1 Rae8 32. Rd7+ R8e7
33. Rxe7+ Nxe7 34. Rf2 Re1+ 35. Kg2 Kg6 36. Kf3 Nf5 37. Kg2 Ne3+ 38. Kf3 Nc4
39. b3 Re3+ 40. Kg2 Nd6 41. Rc2 Ne4 42. c4 Rxg3+ 43. Kh2 Rd3 44. c5 Kh5 45. b4
Rc3 46. Re2 Rc4 47. a3 a5 48. Rb2 axb4 49. axb4 Kh4 50. Kg2 Nf6 51. Rf2 Nd5 52.
Rf7 Nf4+ 53. Kf3 Rxb4 54. Rc7 Rb3+ 55. Ke4 Nxh3 56. c6 bxc6 57. Rxc6 Rb4+ 58.
Kf3 g4+ 59. Kg2 Rb2+ 60. Kh1 Nf4 61. Rc8 g3 62. Rh8+ Kg4 63. Rg8+ Kf3 64. Rf8
Rb1# 0-1

[Event "BIH-chT2"]
[Site "Tuzla"]
[Date "2015.10.20"]
[Round "7.3"]
[White "Zacinovic, Alija"]
[Black "Mesic, Vehid"]
[Result "1-0"]
[WhiteElo "2226"]
[BlackElo "1955"]
[PlyCount "81"]
[EventDate "2015.10.16"]

1. e4 e5 2. Nf3 Nc6 3. d4 exd4 4. Nxd4 Nf6 5. Nxc6 bxc6 6. Bd3 d5 7. exd5 cxd5
8. O-O Be7 9. Bf4 O-O 10. Nd2 Bd6 11. Bg5 h6 12. Bh4 Rb8 13. b3 Re8 14. c4 d4
15. Qf3 g5 16. Bg3 Bg4 17. Qc6 Rb6 18. Qa4 Be2 19. Bxe2 Rxe2 20. Nf3 Bxg3 21.
hxg3 d3 22. c5 Re4 23. Qxa7 Rbe6 24. Rad1 Re2 25. c6 Rd6 26. Qa6 Rc2 27. Ne5 d2
28. Nc4 Rd3 29. Ne3 Rc5 30. b4 Re5 31. b5 Ne4 32. b6 Nc5 33. Qa7 cxb6 34. c7
Qc8 35. Qb8 Re8 36. Qxb6 Ne6 37. Qb1 Qd7 38. Ng4 Kg7 39. Ne5 Qxc7 40. Nxd3 Nd4
41. Qb2 1-0

[Event "BIH-chT2"]
[Site "Tuzla"]
[Date "2015.10.20"]
[Round "7.3"]
[White "Sinanovic, Ermin"]
[Black "Mrndjic, Armin"]
[Result "1/2-1/2"]
[WhiteElo "2122"]
[BlackElo "2122"]
[PlyCount "68"]
[EventDate "2015.10.16"]

1. d4 Nf6 2. c4 e6 3. Nf3 b6 4. Bg5 h6 5. Bh4 Bb7 6. Nc3 Bb4 7. e3 g5 8. Bg3
Ne4 9. Qd3 d6 10. Nd2 f5 11. f3 Nxd2 12. Qxd2 Nd7 13. h4 Qf6 14. hxg5 hxg5 15.
Rxh8+ Qxh8 16. O-O-O O-O-O 17. Bd3 Qf6 18. Qc2 Bxc3 19. bxc3 f4 20. Bf2 Kb8 21.
e4 e5 22. Qa4 c5 23. Be2 Kc7 24. dxc5 dxc5 25. Qxa7 g4 26. fxg4 Qc6 27. Qa3
Qxe4 28. Bf3 Qxc4 29. Qa7 e4 30. Bh4 Qxc3+ 31. Kb1 Qb4+ 32. Ka1 Qc3+ 33. Kb1
Qb4+ 34. Ka1 Qc3+ 1/2-1/2

[Event "BIH-chT2"]
[Site "Tuzla"]
[Date "2015.10.20"]
[Round "7.3"]
[White "Mataradzic, Almir"]
[Black "Salkic, Mahir"]
[Result "0-1"]
[WhiteElo "2088"]
[BlackElo "1968"]
[PlyCount "108"]
[EventDate "2015.10.16"]

1. Nf3 Nf6 2. g3 g6 3. Bg2 Bg7 4. d4 d5 5. O-O O-O 6. c4 c6 7. Qc2 Bf5 8. Qb3
Qb6 9. c5 Qxb3 10. axb3 Ne4 11. Bf4 Nd7 12. b4 a6 13. h3 g5 14. Nxg5 Nxg5 15.
Bxg5 Bxd4 16. Nc3 Rfe8 17. Rfd1 Bxc3 18. bxc3 Ne5 19. g4 Bc2 20. Rd2 Bg6 21. f4
Nc4 22. f5 f6 23. fxg6 fxg5 24. gxh7+ Kxh7 25. Rd3 Rf8 26. Rf3 Rxf3 27. exf3
Kg7 28. Bf1 Ne5 29. Kg2 Rf8 30. Be2 Kf6 31. Kg3 Rh8 32. Rc1 Ng6 33. Rd1 Nf4 34.
Bf1 e5 35. Rd2 Rh7 36. Rb2 Rd7 37. Rh2 d4 38. c4 d3 39. Rd2 Rd4 40. Kf2 Rxc4
41. Bxd3 Rd4 42. Ke3 Nd5+ 43. Ke2 Rxb4 44. Be4 Ke6 45. Bf5+ Ke7 46. Bc8 a5 47.
Ke1 a4 48. Ra2 Nc3 49. Rc2 a3 50. Rxc3 a2 51. Ra3 Rb1+ 52. Kf2 a1=Q 53. Rxa1
Rxa1 54. Bxb7 Kd7 0-1

[Event "BIH-chT2"]
[Site "Tuzla"]
[Date "2015.10.20"]
[Round "7.3"]
[White "Salkic, Midhat"]
[Black "Kovacic, Dubravko"]
[Result "1/2-1/2"]
[WhiteElo "1999"]
[BlackElo "2074"]
[PlyCount "39"]
[EventDate "2015.10.16"]

1. e4 e6 2. d4 d5 3. e5 c5 4. c3 Nc6 5. Nf3 Qb6 6. Bd3 Bd7 7. O-O cxd4 8. cxd4
Nxd4 9. Nxd4 Qxd4 10. Nc3 a6 11. Ne2 Qxe5 12. Bf4 Qf6 13. Qb3 Bc6 14. Rac1 Ne7
15. Rxc6 bxc6 16. Qb7 Rc8 17. Bd6 Rd8 18. Bc7 Rc8 19. Bd6 Rd8 20. Bc7 1/2-1/2